| 000 | 00428nmm a2200145Ia 4500 | ||
|---|---|---|---|
| 008 | 251105s9999||||xx |||||||||||||||||und|| | ||
| 041 | _aspa | ||
| 100 | _aMoreno, Sofía | ||
| 245 | 0 | _aEl poder de la música | |
| 264 |
_a[Bogotá, Colombia] : _bPolitécnico Grancolombiano, _c2024 |
||
| 300 | _a25 páginas | ||
| 650 | _aLatin American literature | ||
| 856 | _uhttps://public.digitaliapublishing.com/a/171673 | ||
| 942 | _cCF | ||
| 999 |
_c106928 _d106928 |
||